Statistics for F1 Winners: Indianapolis 500

Click here to take the quiz!

General Stats

  • This quiz has been taken 88 times
  • The average score is 8 of 11

Answer Stats

SeasonCircuitWinner% Correct
1953IndianapolisBill Vukovich
87%
1954IndianapolisBill Vukovich
87%
1950IndianapolisJohnnie Parsons
83%
1960IndianapolisJim Rathmann
77%
1951IndianapolisLee Wallard
74%
1957IndianapolisSam Hanks
72%
1959IndianapolisRodger Ward
70%
1952IndianapolisTroy Ruttman
70%
1955IndianapolisBob Sweikert
64%
1958IndianapolisJimmy Bryan
57%
1956IndianapolisPat Flaherty
57%

Score Distribution

Percentile by Number Answered

Percent of People with Each Score

Your Score History

You have not taken this quiz